000 00322nam a22001337a 4500
008 171021b xxu||||| |||| 00| 0 eng d
020 _a9780910251839
041 _aeng
080 _a658
100 _a54
101 _aLID
245 _aLEADERSHIP IN LEISURE SERVICES MAKING A DIFFERENCE
_cJORDAN, D.J
942 _2udc
_cBK
999 _c35271
_d35271